| 000 | 00526nam a2200193Ia 4500 | ||
|---|---|---|---|
| 003 | LK-CoDNM | ||
| 008 | 010623t1998 xxu||||| |||| 00| 1 eng d | ||
| 040 |
_aLK-CoDNM _dLK-CoDNM _eLK-CoDNM |
||
| 041 | _aeng | ||
| 080 |
_a069.01 _bLOR |
||
| 100 | _aLord,Barry. | ||
| 245 | _aThe manual of Museum Management | ||
| 260 |
_bThe Stationary Office _aLondon _c1998 |
||
| 300 | _bxii,261p,pl., 25 100: 011-290518-8 cm | ||
| 650 | _aArchaeology | ||
| 650 | _aMuseum Organisation | ||
| 700 | _aLord,Gail Dexter. | ||
| 942 | _cBK | ||
| 999 |
_c118714 _d118714 |
||